000 00354pam a2200157a 44500
008 230515b1985 xxu||||| |||| 00| 0 eng d
020 _aNULL
041 _aENGLISH
082 _a630
100 _a7396-1985
245 _aCRITERIA FOR HYDRAULLIC DESIGN OF SURGE TANKS
250 _a0
260 _aDELHI
_bISI
_c1985
300 _a12
650 _aNULL
999 _c652016
_d652016